Statistics for Frank Sinatra Filmography

Click here to take the quiz!

General Stats

  • This quiz has been taken 27 times
    (8 since last reset)
  • The average score is 16 of 74

Answer Stats

Type Year Name % Correct
Film1953From Here to Eternity
63%
Film1962The Manchurian Candidate
50%
Film1960Ocean's 11
50%
Film1955Guys and Dolls
50%
Film1954Suddenly
50%
Film1949The Kissing Bandit
38%
Film19634 for Texas
38%
Film1964Robin and the 7 Hoods
38%
Film1965Von Ryan's Express
38%
Film1955The Man with the Golden Arm
38%
Film1955The Tender Trap
38%
Film1968The Detective
38%
Film1949On the Town
38%
Film1959A Hole in the Head
38%
Film1955Young at Heart
38%
Film1945Anchors Aweigh
38%
Film1980The First Deadly Sin
38%
Film1965Marriage on the Rocks
25%
Film1965None but the Brave
25%
Film1957Pal Joey
25%
Film1957The Joker Is Wild
25%
Film1957The Pride and the Passion
25%
Film1961The Devil at 4 O'Clock
25%
Film1967Tony Rome
25%
Film1944Higher and Higher
25%
Film1944Step Lively
25%
Documentary1976That's Entertainment, Part II
25%
Short Film1945The House I Live In
25%
Film1963Come Blow Your Horn
25%
Documentary1974That's Entertainment!
25%
Film1946Till the Clouds Roll By
25%
Film1968Lady in Cement
25%
Film1984Cannonball Run II
25%
Film1947It Happened in Brooklyn
25%
Film1949Take Me Out to the Ball Game
25%
Film1959Never So Few
25%
Concert Film1982Sinatra: Concert for the Americas
13%
Film1964Paris When It Sizzles
13%
Film1970Dirty Dingus Magee
13%
Film1966Cast a Giant Shadow
13%
Film1966Assault on a Queen
13%
TV Special1973Magnavox Presents Frank Sinatra
13%
Film1967The Naked Runner
13%
TV Special1968Francis Albert Sinatra Does His Thing
13%
TV Special1969Sinatra
13%
Film1966The Oscar
13%
Film1988Who Framed Roger Rabbit
13%
Film1963The List of Adrian Messenger
13%
Film1956Johnny Concho
13%
Film1942Ship Ahoy
13%
Short Film1942Road to Victory
13%
Film1943Reveille with Beverly
13%
Short Film1943Show Business at War
13%
Short Film1945The All-Star Bond Rally
13%
Film1948The Miracle of the Bells
13%
Film1951Double Dynamite
13%
Film1952Meet Danny Wilson
13%
Film1955Not as a Stranger
13%
Film1956Meet Me in Las Vegas
13%
Film1956Around the World in 80 Days
13%
Film1958Kings Go Forth
13%
Film1958Some Came Running
13%
Film1941Las Vegas Nights
13%
Film1960Can-Can
13%
Film1960Pepe
13%
Film1962Sergeants 3
13%
Film1962The Road to Hong Kong
13%
Short Documentary1962Sinatra in Israel
0%
Short Film1952Hollywood Night Life
0%
Short Documentary1965Will Rogers Hospital Trailer
0%
Short Film1948Lucky Strike Salesman's Movie 48-A
0%
Short Documentary1959Love in Monaco
0%
Short Documentary1935Major Bowes' Amateur Theatre of the Air
0%

Score Distribution

Percentile by Number Answered

Percent of People with Each Score

Your Score History

You have not taken this quiz since the last reset